Statistics for MLB National League Central Champions

Click here to take the quiz!

General Stats

  • This quiz has been taken 145 times
    (19 since last reset)
  • The average score is 28 of 30

Answer Stats

HintAnswer% Correct
2008Chicago Cubs
100%
2016Chicago Cubs
100%
2003Chicago Cubs
100%
2020Chicago Cubs
100%
2007Chicago Cubs
100%
2017Chicago Cubs
100%
2011Milwaukee Brewers
100%
2023Milwaukee Brewers
100%
2021Milwaukee Brewers
100%
2018Milwaukee Brewers
100%
2015St Louis Cardinals
100%
2005St Louis Cardinals
100%
1996St Louis Cardinals
100%
2000St Louis Cardinals
100%
2002St Louis Cardinals
100%
2014St Louis Cardinals
100%
2004St Louis Cardinals
100%
2006St Louis Cardinals
100%
2019St Louis Cardinals
100%
2022St Louis Cardinals
100%
2009St Louis Cardinals
100%
2013St Louis Cardinals
100%
2010Cincinnati Reds
88%
2012Cincinnati Reds
88%
1995Cincinnati Reds
88%
1994Cincinnati Reds
88%
2001Houston Astros
59%
1999Houston Astros
59%
1998Houston Astros
59%
1997Houston Astros
59%

Score Distribution

Percentile by Number Answered

Percent of People with Each Score

Your Score History

You have not taken this quiz since the last reset